| 000 | 00745nam a2200229Ia 4500 | ||
|---|---|---|---|
| 003 | OSt | ||
| 005 | 20210503091946.0 | ||
| 008 | 210310s1952 cl gr 000 0 spa d | ||
| 040 |
_aCO-JMCR _cCO-JMCR |
||
| 041 | 0 | _aspa | |
| 082 | 0 | 4 |
_a330.9 / _bW129e _223 |
| 100 | 1 |
_aWagemann, Ernesto, _eautor _926050 |
|
| 245 | 1 | 0 |
_aEconomía mundial / _cErnesto Wagemann |
| 260 |
_aChile : _bEditorial Jurídicas de Chile : _c1952. |
||
| 300 |
_a2 volúmenes ; _c21 cm. |
||
| 490 | 0 | _aColección estudios jurídicos y sociales | |
| 500 | _aIncluye índice. | ||
| 505 | 0 |
_gv.1 / _tLos ciclos históricos. -- _gv.2 / _tEl ciclo de la economía. |
|
| 650 | 1 | 4 |
_aHistoria de la economía _94783 |
| 650 | 2 | 4 |
_aTeoría económica _937328 |
| 942 |
_2ddc _cBK |
||
| 999 |
_c11638 _d11638 |
||